2026 Formula One Drivers - Statistics

General Stats
  • This quiz has been taken 56 times
    54 since last reset
  • The average score is 17 of 22
Answer Stats
Team Country Driver % Correct
Mclaren United Kingdom Lando Norris
97%
Redbull Netherlands Max Verstappen
97%
Williams Spain Carlos Sainz
95%
Mercedes United Kingdom George Russell
95%
Ferrari United Kingdom Lewis Hamilton
92%
Mclaren Australia Oscar Piastri
92%
Ferrari Monaco Charles Leclerc
89%
Mercedes Italy Kimi Antonelli
89%
Aston Martin Spain Fernando Alonso
84%
Aston Martin Canada Lance Stroll
81%
Redbull France Isack Hadjar
78%
Williams Thailand Alex Albon
76%
Haas United Kingdom Oliver Bearman
76%
Audi Germany Nico Hulkenberg
73%
Alpine France Pierre Gasly
73%
Haas France Esteban Ocon
70%
RB New Zealand Liam Lawson
70%
Cadillac Mexico Sergio Perez
70%
Cadillac Finland Valtteri Bottas
70%
Alpine Argentina Franco Colapinto
65%
Audi Brazil Gabriel Bortoleto
57%
RB United Kingdom Arvid Lindblad
54%
No matching quizzes found
Score Distribution
Percent of People with Each Score
Percentile by Number Answered
Your Score History
You have not taken this quiz since the last reset